ბათუმის შოთა რუსთაველის სახელმწიფო უნივერსიტეტის ბიბლიოთეკა

ცეცხლი და ბურუსი : ”ვეფხისტყაოსნიდან” ”ვეფხვი და მოყმემდე” (ბიბ.ჩანაწერი № 54175)

000 -ლიდერი
ფიქსირებული სიგრძის საკონტროლო ველი 01595nam a2200289Ia 4500
001 - საკონტროლო ნომერი
საკონტროლო ველი 21231
003 - საკონტროლო ნომრის იდენტიფიკატორი
საკონტროლო ველი GE_BSU
005 - ბოლო ოპერაციის თარიღი და დრო
საკონტროლო ველი 20211005132518.0
008 - ფიქსირებული სიგრძის მონაცემთა ელემენტები - ზოგადი ინფორმაცია
ფიქსირებული სიგრძის საკონტროლო ველი 181216s2015||||ge |||||||||||||| || ||
020 ## - წიგნის საერთაშორისო სტანდარტული ნომერი
International Standard Book Number 9789941910661
040 ## - კატალოგიზაციის წყარო
Transcribing agency GE_BSU
041 ## - ენის კოდი
Language code of text/sound track or separate title eng
080 ## - უნივერსალური ათობითი კლასიფიკაციის ინდექსი
Universal Decimal Classification number 821.353.1.09-1 კ-49
100 ## - მთავარი ჩანაწერი - პიროვნების სახელი
Personal name კიკნაძე, ზურაბ
9 (RLIN) 4114
245 ## - ცნობა სათაურის შესახებ
Title ცეცხლი და ბურუსი : ”ვეფხისტყაოსნიდან” ”ვეფხვი და მოყმემდე”
Statement of responsibility, etc ზურაბ კიკნაძე ; რედაქტორი მერაბ ღაღანიძე.
264 ## - წარმოების, გამოცემის, დისტრიბუციის და სხვა ცნობები
გამოცემის, წარმოების, დისტრიბუციის... ადგილი თბილისი :
გამოცემის, წარმოების, დისტრიბუციის... სახელწოდება მემკვიდრეობა,
გამოცემის, წარმოების, დისტრიბუციის... თარიღი 2015.
300 ## - ფიზიკური აღწერა
Extent 279 გვ; 20 სმ.
300 ## - ფიზიკური აღწერა
Other physical details საძიებელი: გვ. 275-279. ბიბლიოგრ.: გვ. 273-274.
520 ## - SUMMARY, ETC.
Summary, etc ყდაზე: ფრაგმენტი სერგო ქობულაძის ნახატიდან ”შოთა რუსთაველი” (1937).
653 ## - INDEX TERM--UNCONTROLLED
Uncontrolled term Fire and mist : articles on georgian literature.
653 ## - INDEX TERM--UNCONTROLLED
Uncontrolled term ქართული ლიტერატურა
653 ## - INDEX TERM--UNCONTROLLED
Uncontrolled term ქართული პოეზიის ისტორია და კრიტიკა.
700 ## - ADDED ENTRY--PERSONAL NAME
Personal name ღაღანიძე, მერაბ
Relator term რედაქტორი
9 (RLIN) 12587
710 ## - ADDED ENTRY--CORPORATE NAME
Corporate name or jurisdiction name as entry element ქართული წიგნის მხარდაჭერის ფონდი ”მემკვიდრეობა”
9 (RLIN) 12588
942 ## - ADDED ENTRY ELEMENTS (KOHA)
Koha item type წიგნი
Source of classification or shelving scheme
ეგზემპლარები
ჩამოწერის სტატუსი დაკარგული ეგზემპლარის სტატუსი კლასიფიკაციის წყარო ან თაროზე გაწყობის სქემა დაზიანების სტატუსი არ გაიცემა მუდმივი მდებარეობა (დაცვის ადგილი) ამჟამინდელი ადგილსამყოფელი თაროზე განთავსების ადგილი შეძენის თარიღი ღირებულება, შესყიდვის ნორმალური ფასი სრული შენახვის შიფრი შტრიხკოდი ბოლო ოპერაციის თარიღი ეგზემპლარის მიმდევრობითი ნომერი (კეტერი?) ფასის ძალაში შესვლის თარიღი ეგზემპლარის სახეობა საჯარო შენიშვნა
          ბათუმის შოთა რუსთაველის სახელმწიფო უნივერსიტეტის მთავარი ბიბლიოთეკა ბათუმის შოთა რუსთაველის სახელმწიფო უნივერსიტეტის მთავარი ბიბლიოთეკა წიგნსაცავი 2018-12-17 11.00 821.353.1.09-1 კ-49 55014 2018-12-17 55014 2018-12-17 წიგნი 11.00 ₾.
          ბათუმის შოთა რუსთაველის სახელმწიფო უნივერსიტეტის მთავარი ბიბლიოთეკა ბათუმის შოთა რუსთაველის სახელმწიფო უნივერსიტეტის მთავარი ბიბლიოთეკა წიგნსაცავი 2018-12-17 11.00 821.353.1.09-1 კ-49 55015 2018-12-17 55015 2018-12-17 წიგნი 11.00 ₾.
          ბათუმის შოთა რუსთაველის სახელმწიფო უნივერსიტეტის მთავარი ბიბლიოთეკა ბათუმის შოთა რუსთაველის სახელმწიფო უნივერსიტეტის მთავარი ბიბლიოთეკა წიგნსაცავი 2018-12-17 11.00 821.353.1.09-1 კ-49 55016 2018-12-17 55016 2018-12-17 წიგნი 11.00 ₾.
          ბათუმის შოთა რუსთაველის სახელმწიფო უნივერსიტეტის მთავარი ბიბლიოთეკა ბათუმის შოთა რუსთაველის სახელმწიფო უნივერსიტეტის მთავარი ბიბლიოთეკა წიგნსაცავი 2018-12-17 11.00 821.353.1.09-1 კ-49 55017 2018-12-17 55017 2018-12-17 წიგნი 11.00 ₾.
          ბათუმის შოთა რუსთაველის სახელმწიფო უნივერსიტეტის მთავარი ბიბლიოთეკა ბათუმის შოთა რუსთაველის სახელმწიფო უნივერსიტეტის მთავარი ბიბლიოთეკა წიგნსაცავი 2018-12-17 11.00 821.353.1.09-1 კ-49 55018 2018-12-17 55018 2018-12-17 წიგნი 11.00 ₾.